000 00247nam a22001217a 4500
003 SGT
082 _a823
_bSHA
100 _aSHAMSIE KOMILA
245 _aBROKEN VERSES
260 _aLONDON
_bBLOOMSBURY
_c2017
300 _a337
942 _2ddc
_cBK
999 _c33910
_d33910